Chemical fate and transport in the environment (Record no. 85818)

MARC details
000 -LEADER
fixed length control field 00822 a2200265 4500
003 - CONTROL NUMBER IDENTIFIER
control field CBULib
005 - DATE AND TIME OF LATEST TRANSACTION
control field 20250612095810.0
008 - FIXED-LENGTH DATA ELEMENTS--GENERAL INFORMATION
fixed length control field 241203b |||||||| |||| 00| 0 eng d
020 ## - INTERNATIONAL STANDARD BOOK NUMBER
International Standard Book Number 9780123982568
040 ## - CATALOGING SOURCE
Language of cataloging English
Transcribing agency CBULib
Description conventions rda
041 ## - LANGUAGE CODE
Language code of text/sound track or separate title eng
050 ## - LIBRARY OF CONGRESS CALL NUMBER
Classification number TD 193 Herm
100 ## - MAIN ENTRY--PERSONAL NAME
Personal name Hemond, Harold F.
245 ## - TITLE STATEMENT
Title Chemical fate and transport in the environment
Statement of responsibility, etc / by Harold F. Hemond and Elizabeth J. Fechner
250 ## - EDITION STATEMENT
Edition statement Third edition
260 ## - PUBLICATION, DISTRIBUTION, ETC. (IMPRINT)
Name of publisher, distributor, etc Elsevier,
Date of publication, distribution, etc 2015
Place of publication, distribution, etc San Diego :
300 ## - PHYSICAL DESCRIPTION
Extent x,476 pages : illustrations
336 ## - CONTENT TYPE
Source rdacontent
Content type term Text |
Content type code txt
337 ## - MEDIA TYPE
Source rdamedia
Media type term Unmediated |
Media type code n
338 ## - CARRIER TYPE
Source rdacarrier
Carrier type term Volume
Carrier type code nc
650 #0 - SUBJECT ADDED ENTRY--TOPICAL TERM
9 (RLIN) 4070
Topical term or geographic name as entry element ENVIRONMENTAL CHEMISTRY
650 #0 - SUBJECT ADDED ENTRY--TOPICAL TERM
9 (RLIN) 4071
Topical term or geographic name as entry element INDUSTRIAL AND TECHNICAL
700 ## - ADDED ENTRY--PERSONAL NAME
9 (RLIN) 4072
Personal name Fechner, Elizabeth J.
942 ## - ADDED ENTRY ELEMENTS (KOHA)
Source of classification or shelving scheme
Koha item type MONOGRAPH
Holdings
Withdrawn status Lost status Source of classification or shelving scheme Damaged status Not for loan Collection code Permanent Location Current Location Shelving location Date acquired Source of acquisition Cost, normal purchase price Total Checkouts Full call number Barcode Date last seen Copy number Price effective from Koha item type Cost, replacement price
          CBU-Lusaka Campus CBU- LUSAKA CAMPUS CBU-MAIN LIBRARY, KITWE. General Stacks 12/03/2024 DON-BOOKAID 48.00   TD 193 Hem 753169 12/03/2024 1 12/03/2024 MONOGRAPH  
          CBU-Lusaka Campus CBU- LUSAKA CAMPUS CBU-MAIN LIBRARY, KITWE. General Stacks 12/03/2024 DON-BOOKAID 48.00   TD 193 Hem 753168 12/03/2024 2 12/03/2024 MONOGRAPH  
          Main Library Open Access Collection CBU-MAIN LIBRARY, KITWE. CBU-MAIN LIBRARY, KITWE. General Stacks 01/16/2025 BOOK AID INTERNATIONAL 75.03   TD 193 Hem 753266 01/16/2025   01/16/2025 MONOGRAPH 75.03
          Main Library Open Access Collection CBU-MAIN LIBRARY, KITWE. CBU-MAIN LIBRARY, KITWE. General Stacks 01/16/2025 BOOK AID INTERNATIONAL 75.03   TD 193 Hem 753267 01/16/2025   01/16/2025 MONOGRAPH 75.03